| 000 | 00981nam a22002535a 4500 | ||
|---|---|---|---|
| 003 | OSt | ||
| 005 | 20161221154322.0 | ||
| 008 | 161221s2015 ua frb 000 0 ara d | ||
| 015 | _a2015/2276 | ||
| 020 | _a9789779026091 | ||
| 040 |
_aEG-ScBUE _bara _cEG-ScBUE |
||
| 082 | 0 | 4 |
_a341.522 _bش ر ف _222 |
| 100 | 1 | _aشرف الدين، أحمد. | |
| 245 | 1 | 0 |
_aاتفاق التحكيم الدولي : _bمصادر قواعده الحاكمة وسلطة القاضي الوطني في إنفاذه / _cأحمد شرف الدين ؛ تصدير أحمد صادق القشيري. |
| 260 |
_a[القاهرة] : _bأحمد شرف الدين، _c2015. |
||
| 300 |
_a142 ص. ؛ _c24 سم. |
||
| 504 | _aيشتمل على إرجاعات ببليوجرافية. | ||
| 650 | 7 |
_aالتحكيم الدولي. _2BUEsh _941124 |
|
| 650 | 7 |
_aالقضاة. _2BUEsh |
|
| 650 | 7 |
_aالسلطة القضائية. _2BUEsh _941083 |
|
| 651 | _2BUEsh | ||
| 653 |
_bLLAAWW _cDecember2016 |
||
| 942 | _2ddc | ||
| 999 |
_c23679 _d23651 |
||